[Event "Najdorf Memorial Great fin"]
[Site "Buenos Aires"]
[Date "2000.09.13"]
[Round "3.1"]
[White "Zarnicki, Pablo Adrian"]
[Black "Giaccio, Alfredo Gustavo"]
[Result "1-0"]
[WhiteElo "2488"]
[BlackElo "2505"]
[Annotator "Finkel,A"]
[PlyCount "71"]
[EventDate "2000.09.09"]
[EventType "k.o."]
[EventRounds "4"]
[EventCountry "ARG"]
[SourceTitle "CBM 079"]
[Source "ChessBase"]
[SourceDate "2000.11.21"]
[SourceVersion "1"]
[SourceVersionDate "2000.11.21"]
[SourceQuality "1"]

1. e4 e6 2. d4 d5 3. Nc3 dxe4 4. Nxe4 Bd7 5. Nf3 Bc6 6. Bd3 Nd7 7. O-O Ngf6 8.
Qe2 {This variation leads to minimal advantage of white and with accurate play
black easily manages to hold the position.} Nxe4 9. Bxe4 Bxe4 10. Qxe4 c6 11.
c4 Be7 12. Bd2 (12. b3 O-O 13. Bb2 Qa5 14. Qe3 Ba3 15. Bc3 Bb4 16. Bb2 Ba3 17.
Bc3 Bb4 18. Bb2 {1/2-1/2 Polgar,J-Karpov,A/Madrid 1992}) 12... O-O 13. Bc3 (13.
b4 Nf6 (13... Bf6 14. Rab1 Re8 15. Be3 g6 16. Ne5 Bg7 17. Nxd7 Qxd7 18. b5 cxb5
19. Rxb5 b6 $11 {Nikolin,Z-Cosma,E/Jugometal W 1997}) 14. Qe2 Re8 15. a4 Nd7
16. c5 Nf6 17. b5 Nd5 $132 {Seirawan,Y-Kortschnoj,V/Monaco rapid 1993}) (13.
Rad1 Re8 14. Bc3 Qc7 15. Rfe1 Bf6 16. Qe3 h6 17. Rd3 a5 18. Qd2 b5 $11 {
Larsen,O-Pedersen,B/Aalborg op 1995}) 13... Bf6 14. Rad1 Qc7 15. Ne5 Bxe5 $6 {
[%csl Rd6] Giving white contol on very important square d6.} (15... Rad8 16.
Ng4 c5 (16... Rfe8 17. Rd3 Bg5 18. f4 f5 19. Qe3 Bf6 20. Ne5 $14 {Przedmojski,
R-Moskalik,A/Polanica Zdroj op 1995}) 17. Nxf6+ Nxf6 18. Qh4 cxd4 19. Bxd4 e5
20. Bc3 Nd7 21. Rd3 $14 {Brumen,D-Egle,H/Hollabrunn op 1998}) (15... Rae8 16.
Rfe1 g6 17. Qf4 Rc8 18. d5 cxd5 19. cxd5 exd5 20. Rxd5 {1/2-1/2 Zamora,
J-Samulevicius,T/WchJM-U16 1995}) 16. dxe5 Rad8 (16... Rfd8 17. Rd6 (17. b3 Nf8
$11) 17... Nc5 18. Qd4 b6 19. Rd1 Nb7 20. h4 $14) 17. b3 $6 ({Why not} 17. Rd6
$5 Nc5 18. Qd4 Na4 19. Rd1 Nxc3 20. Qxc3 $14 {with very comfortable advantage.}
) 17... Nc5 18. Qe3 Rxd1 (18... b6 $5 19. f4 (19. Bb4 Rxd1 20. Rxd1 Rd8 21. Rd4
Nb7 $11) 19... Rxd1 20. Rxd1 Rd8 21. Rd4 Rd7 $14) 19. Rxd1 Rd8 20. Rxd8+ Qxd8
21. Qd4 Qxd4 (21... Qb6) 22. Bxd4 b6 $6 {After this move black still holds the
position,but now he has to be very carefull.} (22... Nd3 {[%csl Ra2,Rb3][%cal
Gd3c1]} 23. Bxa7 Nc1 24. Kf1 Nxa2 25. Be3 $14) 23. Bxc5 bxc5 24. f4 Kf8 (24...
f5 $5 25. exf6 gxf6 26. g4 (26. Kf2 Kf7 27. Kf3 f5 28. a3 a5 $11) 26... Kf7 27.
Kg2 Kg6 28. Kf3 $14) 25. Kf2 Ke7 26. Ke3 h5 $6 {[%csl Rh5] Making weakness,
which finally coosts black the game} 27. Kf3 f5 (27... g6 $2 28. Kg3 {[%cal
Gg3h4,Gh4f6]} (28. g3 Kd7 29. Ke3 Kc7 30. Kd3 Kb6 31. Kc3 a5 32. a3 Ka6) 28...
Kf8 (28... a5 29. Kh4 Ke8 30. Kg5 Ke7 31. h3 Ke8 32. Kf6 Kf8 33. g4 hxg4 34.
hxg4 Ke8 35. f5 gxf5 36. gxf5 exf5 37. Kxf5 Ke7 38. a3 $18) 29. Kh4 Kg7 30. Kg5
a6 31. h3 a5 32. g4 hxg4 33. hxg4 Kf8 34. Kf6 $18 {[%cal Gf4f5]}) 28. exf6+
gxf6 29. Ke4 Kf7 30. g3 Kg6 $4 {Missing white's next move.} (30... Ke7 31. h3
Kf7 32. g4 hxg4 33. hxg4 Kg6 34. Kf3 (34. a3 a5 35. Kd3 f5 36. g5 e5 37. fxe5
Kxg5 38. Ke3 f4+ 39. Ke4 f3 40. Kxf3 Kf5 $11) 34... Kh6 35. Kg3 Kg6 36. Kh4 Kh6
37. g5+ Kg6 38. Kg4 fxg5 39. fxg5 e5 40. a3 a5 41. a4 e4 42. Kf4 e3 43. Kxe3
Kxg5 44. Ke4 Kf6 $11) 31. f5+ $1 $18 exf5+ (31... Kf7 32. fxe6+ Kxe6 33. Kf4 a6
34. a3 a5 35. a4 Ke7 36. Kf5 Kf7 37. h3 $18) 32. Kf4 a6 33. h3 a5 34. h4 Kg7
35. Kxf5 Kf7 36. g4 1-0

[Event "Saint Pierre m"]
[Site "Saint Pierre"]
[Date "2000.09.06"]
[Round "2"]
[White "Bologan, Viktor"]
[Black "Gurevich, Mikhail"]
[Result "0-1"]
[WhiteElo "2641"]
[BlackElo "2667"]
[Annotator "Finkel,A"]
[PlyCount "78"]
[EventDate "2000.09.05"]
[EventType "match"]
[EventRounds "4"]
[EventCountry "FRA"]
[SourceTitle "CBM 080"]
[Source "ChessBase"]
[SourceDate "2001.01.25"]
[SourceVersion "1"]
[SourceVersionDate "2001.01.25"]
[SourceQuality "1"]

1. e4 e6 2. d4 d5 3. Nc3 Nf6 4. Bg5 dxe4 5. Nxe4 Nbd7 6. Nf3 h6 7. Nxf6+ Nxf6
8. Bh4 c5 9. Bc4 {This move looks not so natural and black manages to show
quiet simple way to equality.} a6 (9... cxd4 10. O-O Bc5 (10... Be7 11. Qe2 O-O
12. Rad1 Qb6 13. Rxd4 Qxb2 14. Rfd1 b5 15. Bb3 Bb7 $13 {Al Modiahki,M-Radjabov,
T/Open 1999}) 11. Qe2 O-O 12. Rad1 Qb6 13. Bxf6 gxf6 14. Nxd4 Qxb2 15. Rd3 $40
{[%cal Gd3g3,Ge2h5] Kling,T-Vuksanovic,S/Erevan olw 1996}) 10. O-O (10. Qe2 b5
11. Bd3 g5 12. Bg3 c4 13. Be4 Nxe4 14. Qxe4 Qd5 15. Qxd5 exd5 $13 {Svidler,
P-Bareev,E/Wydra mem rapidplay 2000}) 10... Be7 11. a4 O-O 12. Qe2 cxd4 13.
Rad1 Qb6 14. b3 Bd7 15. Nxd4 ({Nothing promises} 15. Rxd4 Rfd8 16. Rfd1 Be8 17.
Qe5 Rxd4 18. Rxd4 Rd8 19. a5 Qb4 20. Rxd8 Bxd8 21. Qb8 Qxa5 22. Qxb7 Bb5 $11 {
and the draw is not far away.}) 15... Rfe8 $1 (15... Rad8 $6 16. Nf5 $1 $14 {
[%cal Ge2e7]}) 16. Nf3 Red8 17. Ne5 Be8 {The best place for a bishop in this
kind of positions.} 18. Bd3 Qb4 $1 $11 19. f4 $6 {Too optimistic.It was just a
right time to think about keeping the position balanced.} (19. Bg3 b5 (19...
Nd5 20. Qe4 Qxe4 21. Bxe4 b6 22. c4 Nc3 $11) 20. axb5 axb5 21. c4 bxc4 22. bxc4
Qc5 $13) 19... Nd5 20. Bxe7 Qxe7 21. Rde1 Nb4 $5 22. Be4 (22. f5 $6 f6 23. Nc4
Nxd3 24. cxd3 e5 $15) 22... Rac8 $15 {[%csl Rc2] White pieces lack
coordination and the pawn on c2 demands protection.} 23. Kh1 Qc7 24. Qf3 f6 $1
25. f5 $5 {Trying to survive in tactical complications!} (25. Nc4 b5 26. axb5
axb5 27. Ne3 f5 $1 $17 {[%csl Re4]}) 25... Nxc2 $1 (25... Qxe5 26. Bxb7 (26.
fxe6 Qg5 $19) 26... Qxf5 27. Bxc8 (27. Qxf5 exf5 28. Bxc8 Rxc8 29. c3 Nd3 $17)
27... Rxc8 28. Qb7 Qc5 29. Rxe6 $15) 26. fxe6 (26. Bxc2 Qxc2 27. fxe6 fxe5 28.
Qf8+ Kh7 $19) 26... Nxe1 27. Qf5 Qxe5 28. Qxe5 fxe5 29. e7 {[%cal Gf1f8]} Bf7
$1 30. exd8=Q+ Rxd8 31. Rxe1 b6 32. b4 Rd4 $19 {Two pawns in the ending should
be enough.} 33. a5 Rxb4 34. axb6 Rxb6 35. Bd3 Rd6 36. Bf1 a5 37. Kg1 (37. Rxe5
Rd1 38. Kg1 Bc4 $19) 37... a4 38. Rxe5 Rd1 39. Kf2 a3 {[%cal Ga3a1]} 0-1

[Event "Sigeman & Co 13th"]
[Site "Malmo/Copenhagen"]
[Date "2005.04.22"]
[Round "7"]
[White "Hector, Jonny"]
[Black "Hillarp Persson, Tiger"]
[Result "1-0"]
[WhiteElo "2513"]
[BlackElo "2533"]
[Annotator "Finkel,A"]
[PlyCount "77"]
[EventDate "2005.04.15"]
[EventType "tourn"]
[EventRounds "9"]
[EventCountry "SWE"]
[EventCategory "13"]
[SourceTitle "CBM 107"]
[Source "ChessBase"]
[SourceDate "2005.08.01"]
[SourceVersion "1"]
[SourceVersionDate "2005.08.01"]
[SourceQuality "1"]

1. e4 e6 2. d4 d5 3. Nc3 dxe4 4. Nxe4 Bd7 5. Be3 $5 {The swedish grandmaster
is famous for his devotion to rare opening lines. Not surprisingly he finds an
interesting opportunity to spice things up a bit in this quiet variation.} Bc6
6. f3 Nd7 (6... Bxe4 7. fxe4 Qh4+ 8. g3 (8. Bf2 Qxe4+ 9. Be2 Nf6 10. Kf1 (10.
Nf3) 10... c6 11. Bf3 Qf5 12. Qe2 h5 13. h4 Bd6 14. Nh3 Nbd7 $15 {Nagy,H-Varga,
B/Miskolc 1999}) 8... Qxe4 9. Qe2 c6 (9... Qxh1 $5 10. Bg2 Qxh2 11. Bc6+ Nxc6
12. Qxh2 O-O-O $132) 10. O-O-O Nd7 11. Bg2 Qf5 12. Nh3 Qa5 13. Kb1 Ngf6 14. c4
Be7 15. Nf4 $44 {Krolla,H-Donecker,S/Wiesbaden 1993}) 7. Bd3 Ngf6 8. Nh3 (8.
Ne2 Be7 9. Qd2 O-O 10. O-O-O Nxe4 11. fxe4 Nf6 12. Ng3 Ng4 13. Kb1 Nxe3 14.
Qxe3 $14 {Noriega,H-Jukemura,L/Bogota 2003}) 8... Bxe4 9. fxe4 c5 10. e5 $5 {
This pawn sacrifice is the most ambitious continuation.} (10. c3 cxd4 11. cxd4
Qa5+ 12. Bd2 Bb4 13. a3 Bxd2+ 14. Qxd2 Qxd2+ 15. Kxd2 e5 $11) 10... Nd5 11. Bf2
cxd4 12. O-O Nxe5 (12... Qc7) 13. Bb5+ Nc6 14. Bxd4 Nf6 {Otherwise black might
have some problems with the development of his kingside pieces since a pawn on
g7 is hanging.} (14... Nc7 15. Bxc6+ bxc6 16. c3 $1 $44 c5 $140 $2 17. Qa4+ Qd7
18. Qxd7+ Kxd7 19. Rxf7+ $16) 15. Bxc6+ bxc6 16. Bxf6 gxf6 17. Qf3 $13 {
White obviously has some compensation for a pawn, but it shouldn't be enough
for more than equality.} Qb6+ 18. Kh1 Be7 19. Nf4 Rd8 $6 {[%csl Re8] Deciding
to keep the king in the center.} (19... O-O-O 20. b4 f5 21. c4 Rd4 {[%cal
Gd4e4,Gh8d8]} 22. c5 Qc7 23. a3 Rhd8 $15) 20. Rae1 c5 $6 {Another dubious
decision after which black finds himself in trouble.} (20... Qxb2 21. Qxc6+ Kf8
$13) 21. b3 $1 (21. Qh5 O-O 22. Re3 Qxb2 23. Rg3+ Kh8 24. Qxh7+ (24. Rh3 $2
Qxc2 25. Nd3 Qxd3 26. Rxd3 Rxd3 $17) 24... Kxh7 25. Rh3+ Kg7 26. Rg3+ $11)
21... h5 $6 (21... c4 22. Qh5 $5 (22. Nh5) 22... Qc5 23. Nxe6 $1 Qxh5 24. Ng7+
Kf8 25. Nxh5 $16) 22. Nxh5 Qc7 23. h3 Rd2 (23... f5) 24. Rd1 $1 $36 (24. Nxf6+
$2 Bxf6 25. Qxf6 Rxh3+ 26. gxh3 Qh2#) 24... Rxd1 (24... Rxc2 $2 25. Qa8+ Bd8
26. Nxf6+ Ke7 27. Rd7+ $18) 25. Rxd1 Rh6 {[%csl Rh6]} 26. Qa8+ Bd8 27. Ng3 {
[%cal Gg3e4]} (27. Nf4 Rh4 28. Nd3 Rd4 29. c3 Rd7 $14) 27... f5 $1 28. Ne2 Rh4
$1 29. a4 (29. Nc3 Rd4) 29... Rb4 30. Qf3 Qb7 $6 (30... Bf6 {[%cal Ge8f8,Gf8g7]
}) 31. Qg3 Be7 32. Rd2 Re4 $2 {It was necessary to take the squares g7 and g8
under control.} (32... Kf8 $8 {[%csl Gg7,Gg8]}) 33. Nc3 Rd4 34. Qg8+ Kd7 35.
Re2 {[%csl Rf7]} Rh4 $6 36. Qxf7 Rxh3+ 37. Kg1 $18 Rh6 38. Rd2+ Kc6 39. Qe8+
1-0

[Event "RUS-ch51"]
[Site "St Petersburg"]
[Date "1998.08.02"]
[Round "6"]
[White "Tiviakov, Sergei"]
[Black "Rustemov, Alexander"]
[Result "1-0"]
[WhiteElo "2655"]
[BlackElo "2570"]
[Annotator "Finkel,A"]
[PlyCount "71"]
[EventDate "1998.07.28"]
[EventType "swiss"]
[EventRounds "11"]
[EventCountry "RUS"]
[SourceTitle "CBM 067"]
[Source "ChessBase"]
[SourceDate "1998.11.30"]
[SourceVersion "2"]
[SourceVersionDate "1998.11.01"]
[SourceQuality "1"]

{[%mdl 2768]} 1. e4 {Baburin.} e6 2. d4 d5 3. Nd2 dxe4 4. Nxe4 Bd7 $5 {This
variation is quiet oftenly used by Rustemov and not without success!} 5. Nf3
Bc6 6. Bd3 Nd7 7. O-O Ngf6 8. Ng3 Be7 9. Qe2 ({White has also tried} 9. Re1
Bxf3 10. Qxf3 c6 11. c4 O-O 12. Bg5 (12. Bd2 Re8 13. Bc3 Bf8 14. b4 g6 15. a4
$14 {Nunn,J-Lobron,E/Novi Sad olm 1990 (29)}) 12... Re8 13. Rad1 Qa5 14. Bxf6
$6 Nxf6 15. a3 Qc7 16. Re5 Bd6 $11 {Socko,B-Michalski,O/Polanica Zdroj op 1995
(35)}) 9... O-O (9... Bxf3 10. Qxf3 c6 11. b3 O-O 12. Bb2 a5 (12... Qc7 13. c4
Rfe8 14. Rfe1 Bd6 15. Bc2 b5 $1 16. c5 Bf8 17. Ne4 Nd5 $132 {Larduet,C-Ramas,L/
CUB-ch 1993 (24)}) 13. a3 Qc7 14. c4 Rfd8 15. Rfe1 Nf8 16. h4 $5 Rd7 17. Rac1
Rad8 18. Bb1 $36 {[%cal Gh4h5,Gg3e4] Yandemirov,V-Lyrberg,P/Minsk 1994 (31)})
10. Rd1 (10. c4 Bxf3 11. Qxf3 e5 12. d5 Re8 13. Bd2 a5 14. Bc3 g6 $1 15. Rfe1
Bd6 $13 {Ciganikova,A-Sorli,M/EU-chJW 1997 (40)}) (10. Ne5 $5 Nxe5 11. dxe5 Nd7
12. Rd1 Qc8 13. c4 a5 14. Bc2 a4 15. Bf4 $14 {Bashkov,V-Bus,M/Polanica Zdroj
op 1995 (40)}) 10... Bxf3 (10... Re8 $6 11. Ne5 $1 Nf8 12. Nxc6 bxc6 13. c3 Ng6
14. Ne4 Nd5 15. g3 $16 {[%csl Rc6,Rc7] Mikac,M-Vospernik,A/SLO-chT 1994 (41)})
({Desreves attention} 10... b6 $5 {intending to keep the lightsquared bishop}
11. c4 (11. Ne5 Bb7 12. Bg5 a6 13. c4 Qe8 14. Bc2 h6 15. Bf4 c5 $5 16. dxc5
Nxe5 17. Bxe5 Qc6 $1 $132 {De Firmian,N-Speelman,J/Brussels SWIFT rapid 1992/
1-0 (73)}) 11... Bb7 12. Ne5 Qc8 13. Bg5 h6 14. Bf4 Re8 15. Rac1 c5 16. Nxd7
Qxd7 17. dxc5 Qc6 18. f3 Bxc5+ 19. Kh1 Rad8 $11 {Podlesnik,B-Estrada Nieto,J/
Ljubljana op 1994/1/2-1/2 (46)}) 11. Qxf3 c6 12. c3 $5 {The pawn is better
placed on c3,although after} (12. c4 Bd6 13. b3 Re8 14. Bb2 a5 15. a3 Qc7 16.
Re1 Rad8 17. Rad1 $14 {white also got certain advantage;Reshevsky,S-Pelikan,J/
Mar del Plata 1966 (42)}) 12... Qc7 13. a4 Rfe8 (13... c5 $6 14. Bf4 Qc8 (14...
Qb6 $2 15. a5 Qb3 (15... Qxb2 16. Rdb1 Qxc3 17. Bxh7+ $18) 16. Qe2 $18 {
[%csl Rb3][%cal Gd3c4]}) (14... Bd6 15. Bxd6 Qxd6 16. Ne4 Qc7 (16... Nxe4 17.
Qxe4 Nf6 18. Qxb7 cxd4 19. Bb5 $5 $16) 17. dxc5 Nxe4 18. Qxe4 Nf6 19. Qc4 $16)
15. Rac1 Re8 16. b4 $5 c4 17. Bc2 $14) 14. Bc2 $14 {The arising position is
slightly better for white due to the pair of bishops and certain advantage in
space,but black's pawn structure is rock-solid and all the black pieces take
flexible defensive positions so white has to be very creative to breakthrough.}
Bd6 15. Be3 a5 16. Kh1 $1 {Now it's not so easy to understand this move and I
think that Rustemov also underestimated the strength of white's plan!} Nd5 17.
Bd2 g6 {Preparing e5.} (17... e5 $5 {[%csl Rf5]} 18. Nf5 exd4 19. Qd3 $1 N7f6
20. Nxd6 Qxd6 21. Qxd4 $14) 18. Bb3 $1 Bf8 {Baburin: 'This pawn formation
occurs quite often from the Alekhine Defence and is usually regarded as quite
acceptable for Black. Yet, my own experience in such a pawn structure shows
that Black lacks active play and usually has to watch carefully White's plans.
In this game GM Tiviakov shows an interesting approach to such positions.'} 19.
Ne4 b5 (19... e5 $2 20. Ng5 $1 N7b6 21. c4 Nb4 22. dxe5 $16) 20. h4 {'!?'
Baburin. Baburin: 'This move on its own is rather common, but the plan
following this advance of the h-pawn, is quite original.'} h5 $6 21. Rg1 $1 $40
{Now we can understand the purpose of 16th move of white!Black is deprived of
counterplay and white's attack becomes stronger from move to move. '!' Baburin.
} Bg7 22. g4 {'!' Baburin. Baburin: 'This is the point of White's play - he
opens up files on the kingside in order to benefit from his better
communications between the flanks, and he also has the bishop pair.'} hxg4 (
22... N7f6 $2 23. Bxd5 $1 Nxd5 24. gxh5 Qe7 25. Bg5 $18) (22... N5f6 23. gxh5
Nxh5 24. axb5 cxb5 25. Rg5 {[%csl Rb5]} a4 26. Ba2 $1 Rab8 27. Rag1 $16 {
[%csl Rg8][%cal Gg5h5]}) 23. Rxg4 N7f6 {'?' Baburin.} (23... f5 $2 24. Rxg6
fxe4 25. Rxg7+ Kxg7 26. Rg1+ Kh7 27. Qh5#) ({It would be better to use the old
recipe and to meet flank expansion with counter-attack in the centre -} 23...
bxa4 $1 {Baburin} 24. Bxa4 e5 {Even if after the further} 25. h5 {White is
better, this would give Black more chances than the game continuation.}) 24.
Nxf6+ Nxf6 25. Rg5 {[%csl Rb5]} Qb6 26. axb5 cxb5 27. Rag1 $16 {[%cal Gh4h5]
Black is helpless against the advance of h-pawn. '+-' Baburin. Baburin: 'Now
Black is helpless against the eventual opening of the g-file by h4-h5. Please
note that here White is enjoying a huge advantage in force in the area where
the fight takes place, as neither of Black's rooks can be used in defence.'}
Kf8 28. h5 $1 Ke7 (28... Nxh5 29. Rxg6 Ke7 30. Rxg7 Nxg7 31. Bg5+ Kd6 32. Bf4+
Kd7 33. Rxg7 $18) 29. hxg6 Rh8+ 30. Kg2 Bh6 31. gxf7 $18 Nh7 (31... Kxf7 32.
Kf1 Bxg5 33. Bxg5 Qd8 34. Bxf6 Qxf6 35. Qb7+ $18) 32. Rg6 Bxd2 33. Rxe6+ Qxe6
34. Bxe6 Ng5 35. Qe2 Nxe6 36. d5 1-0

[Event "London Agency"]
[Site "London"]
[Date "1998.06.23"]
[Round "9"]
[White "Burnett, Ronald"]
[Black "McDonald, Neil R"]
[Result "1/2-1/2"]
[WhiteElo "2400"]
[BlackElo "2485"]
[Annotator "Finkel,A"]
[PlyCount "120"]
[EventDate "1998.06.15"]
[EventType "tourn"]
[EventRounds "9"]
[EventCountry "ENG"]
[EventCategory "9"]
[SourceTitle "CBM 066"]
[Source "ChessBase"]
[SourceDate "1998.09.30"]
[SourceVersion "1"]
[SourceVersionDate "1998.09.30"]
[SourceQuality "1"]

1. e4 e6 2. d4 d5 3. Nc3 dxe4 4. Nxe4 Bd7 5. Nf3 Bc6 6. Bd3 Nd7 7. Qe2 Ngf6 8.
Neg5 Bxf3 9. Nxf3 Be7 (9... c5 $5 10. O-O Be7 11. dxc5 Bxc5 12. Bf4 O-O 13.
Rad1 Qb6 14. c3 Rfd8 15. Ne5 Nxe5 16. Bxe5 $14 {Emms,J-Arkell,K/Isle of Man op
1996/1/2-1/2 (75)}) 10. O-O (10. Bg5 $5 O-O (10... c6 11. O-O-O Nd5 12. h4 b5
13. Kb1 h6 14. Bxe7 Qxe7 15. Be4 Qd6 $132 {Wahls,M-Richter,W/BL9293 1993}) 11.
O-O-O c5 12. Bc4 $6 Qc7 13. Rhe1 Rfe8 14. g3 cxd4 15. Rxd4 Bc5 16. Rh4 h6 $13 {
Tischbierek,R-Hickl,J/Baden Baden-B 1992 (42)}) (10. Bd2 O-O 11. c4 (11. O-O-O
$5 c5 12. g4 $5 cxd4 13. g5 Nd5 14. h4 Qc7 15. Nxd4 Nc5 16. Bc4 Rfd8 17. Kb1
$36 {Kharlov,A-Foisor,O/Oviedo rapid 1993 (24)}) 11... c6 12. O-O-O b5 13. c5
$5 Qc7 14. g4 Rfe8 15. Rhg1 Nd5 16. h4 e5 $1 $132 {Wells,P-Hoi,C/Copenhagen op
1995 (39)}) 10... O-O 11. c4 $14 (11. c3 c6 12. Bf4 Re8 13. Rad1 a5 14. c4 a4
15. a3 $14 {Romero Holmes,A-Pons,S/ESP-chT 1994 (20)}) 11... c5 12. dxc5 $5 (
12. Be3 Qc7 13. Rad1 Rfd8 14. b3 Nf8 $5 15. Rfe1 Ng6 $132) 12... Nxc5 13. Bc2
Qc7 14. b3 (14. Bg5 Nh5 $5 15. b4 Na6 16. Qe4 g6 17. Bxe7 Qxe7 18. a3 $14)
14... Rac8 15. Bb2 Rfd8 16. Rad1 Rxd1 17. Rxd1 Rd8 18. Re1 $5 {Interesting
decision,which however doesn't change much in the position,sooner or later
white will have to change the rooks anyway.} Ncd7 19. Ng5 {[%csl Re6]} Bb4 (
19... Bd6 20. g3 h6 21. Ne4 Be7 22. Rd1 $14) 20. Rd1 Qa5 21. Ne4 Nxe4 $5 (21...
Be7 22. a3 $5 Qc7 23. b4 b6 24. g3 $14) 22. Qxe4 Nf6 23. Rxd8+ Qxd8 24. Qd3 $5
({Nothing promises} 24. Bxf6 Qxf6 25. Qxh7+ Kf8 26. Qd3 Bc5 27. Qe2 Qa1+ 28.
Bd1 $14 {and despite of the pawn white's advantage is only symbolical.}) 24...
Qa5 $6 {Not fully justified decision:black gives up a pawn intending to make a
draw in the endgame with opposite colored bishops,while after} (24... Qxd3 25.
Bxd3 b6 26. Kf1 Nd7 27. Ke2 g6 $11 {[%cal Gg8f8,Gf8d6] black may easily keep
the balance.}) 25. Bxf6 gxf6 26. Qxh7+ Kf8 27. Qh8+ Ke7 28. Qb8 $5 b6 (28...
Qxa2 $6 29. Qxb7+ Kd8 30. h4 Bc5 31. Qe4 Qa1+ 32. Bb1 Qb2 33. Qc2 $16) 29. Qc7+
Kf8 30. a4 Bc5 $1 {[%csl Rf2]} 31. Qd8+ Kg7 32. Qd1 Qc3 {An active position of
black pieces promises quiet easy life in the endgame!} 33. g3 f5 34. Kg2 a5 35.
h4 Be7 36. Bd3 Bf6 37. Be2 f4 $1 {Creating another weakness on g3.} 38. Bd3
fxg3 39. fxg3 Be5 40. Qg4+ Kf8 {[%cal Gf8b4]} 41. Qd1 Ke7 42. h5 Kd6 43. h6 Kc5
44. h7 Kb4 $132 45. c5 $5 bxc5 $5 {Rejecting the draw!After} (45... Kxc5 46.
Qc2 $11 {it's inevitable.}) 46. Qg4+ Ka3 47. Qc4 Qd2+ 48. Kf3 Bd4 49. Kg4 f5+
50. Kh5 Qh2+ 51. Kg6 Qxg3+ 52. Kf7 Qe5 53. Qc1+ Bb2 (53... Kxb3 54. Qc2+ Ka3
55. Qc1+ Bb2 56. h8=Q Qxh8 57. Qxc5+ Ka2 58. Bc4+ $11) 54. h8=Q $1 $11 Qxh8 55.
Qxc5+ Ka2 56. Kxe6 Qe8+ 57. Kd5 (57. Kxf5 $4 Qh5+ $19) 57... Qd7+ 58. Kc4 Qe6+
59. Qd5 Qb6 60. Bxf5 Qxb3+ 1/2-1/2